Human behaviour and abnormal psychology / (Record no. 103008)

MARC details
000 -LEADER
fixed length control field 00588nam a22001937a 4500
005 - DATE AND TIME OF LATEST TRANSACTION
control field 20160905171255.0
010 ## - LCCN (DPL NO)
LC control number ENG-115916
020 ## - INTERNATIONAL STANDARD BOOK NUMBER
International Standard Book Number 9789380633220
Terms of availability 895.00
035 ## - SYSTEM CONTROL NUMBER
System control number EN-99448
037 ## - SOURCE OF ACQUISITION
Source of stock number/acquisition DBAD/PUB
082 ## - DEWEY DECIMAL CLASSIFICATION NUMBER
Classification number 157
245 ## - TITLE STATEMENT
Title Human behaviour and abnormal psychology /
Remainder of title edited by D.N. Roy
260 ## - PUBLICATION, DISTRIBUTION, ETC. (IMPRINT)
Place of publication, distribution, etc Delhi
Name of publisher, distributor, etc Saad Publications
Date of publication, distribution, etc 2014
270 ## - ADDRESS
Address 526,,Vijay Park,Street.N0-5,Mooujpur
City Delhi
Postal code 110053
300 ## - PHYSICAL DESCRIPTION
Extent 296p.
Dimensions 22cm(Hb)
500 ## - GENERAL NOTE
General note Includes bibliographical references and index
700 ## - ADDED ENTRY--PERSONAL NAME
Personal name Roy,D.N.
942 ## - ADDED ENTRY ELEMENTS (KOHA)
Source of classification or shelving scheme Dewey Decimal Classification
Item type English Books
Classification part 157
Call number prefix HUM
Holdings
Withdrawn status Lost status Not for loan Collection code Home library Current library Date acquired Source of acquisition Cost, normal purchase price Full call number Barcode Copy number Cost, replacement price Koha item type
    Not For Loan Non-fiction D.B.Act.Division Bawana 05/09/2016 DBAD/PUB 895.00 157 EN-99448 1 895.00 English Books

© Delhi Public Library
Hit Counter
free hit counter